The Walking Dead Season 3 Characters - Statistics

General Stats
  • This quiz has been taken 99 times
  • The average score is 9 of 14
Answer Stats
Hint Answer % Correct
Woman who wields a katana Michonne
97%
Main antagonist wears an eye-patch and leader of Woodbury the Governor
97%
Daughter of the sherrif Judith Grimes
82%
Sister of the above Sasha Williams
78%
Big dude who wields a hammer Tyreese Williams
74%
Prisoner who also becomes a member of the group has a killer moustache Axel
71%
Scientist of Woodbury Milton Mamet
71%
Right hand man of the above Caesar Martinez
59%
Prisoner who becomes a member of the group Oscar
54%
One of the 5 prisoners inside the prison acts as their leader Tomas
49%
Woman who lives at Woodbury later moves into the prison Karen
44%
Smallest one of the prisoners also turns on his friends Andrew
43%
Biggest one of all the prisoners Big Tiny
40%
General of Woodbury wields an bow and arrow Shumpert
31%
No matching quizzes found
Score Distribution
Percent of People with Each Score
Percentile by Number Answered
Your Score History
You have not taken this quiz